zpět

Detail výsledku týmu

Bridge Bar, Týn nad Vltavou

Datum a čas kvízu

23.5 Celkem bodů Celkový počet nahraných bodů na tomto kvízu bez doplňovacích otázek.
14. Pořadí na kvízu Konečné umístění týmu na tomto kvízu.

Zaznamenané odpovědi

# Otázka Odpověď Body Výsledky
1. Minulý týden jsme se zapotili... pátek 20. května, 28.9 °C 0.5
2. Která evropská země má od minu... Francie 0
3. V úterý začal již 75. ročník p... Cannes 1
4. Vědci z agentury NASA řeší neč... Voyager se „zbláznil“ – vysílá nesmyslná data. 1
5. 22letý Biniam Girmay se stal h... trefil ho korek do oka 1
6. V tomto tématu se budeme pohyb... jiřina 1
7. Nyní zavítáme do římské mytolo... Flora 1
8. Na fotografii vidíme květinu,... jasmín 1
9. Květinové jméno nese i tento s... Svatý Vavřinec 0
10. Už při oznámení tématu musela... prosinec 0